Implementácia inovovaného prístupu vo vykazovaní finančných nástrojov podľa IFRS

Vykazovanie finančných nástrojov vo výkaze finančnej situácie (Statement of Financial Position). Vykazovanie finančných nástrojov v komplexnom výsledku hospodárenia (Comprehensive Income). Zmeny, ktoré vznikli pri účtovnom zobrazení finančných nástrojov pri prechode z medzinárodného účtovného štanda...

ver descrição completa

Na minha lista:
Detalhes bibliográficos
Autor principal: Kováčiková, Martina, 1985-
Formato: Capítulo de Livro
Idioma:eslovaco
Assuntos:
Tags: Adicionar Tag
Sem tags, seja o primeiro a adicionar uma tag!

MARC

LEADER 00000nla a2200000 4500
001 0181055
005 20240502083426.5
041 0 |a slo 
044 |a CZ 
245 1 0 |a Implementácia inovovaného prístupu vo vykazovaní finančných nástrojov podľa IFRS  |c Martina Kováčiková 
520 |a Vykazovanie finančných nástrojov vo výkaze finančnej situácie (Statement of Financial Position). Vykazovanie finančných nástrojov v komplexnom výsledku hospodárenia (Comprehensive Income). Zmeny, ktoré vznikli pri účtovnom zobrazení finančných nástrojov pri prechode z medzinárodného účtovného štandardu IAS 39 Finančné nástroje: vykazovanie a oceňovanie na medzinárodný štandard finančného vykazovania IFRS 9. 
610 2 0 |a účtovníctvo 
610 2 0 |a informácie účtovné 
610 2 0 |a výkazy finančné 
610 2 0 |a výsledok hospodársky 
610 2 0 |a štandardy účtovné medzinárodné 
610 2 0 |a IFRS 
100 1 |a Kováčiková, Martina, 1985-